| 000 | 00705cam a22002175a 4500 | ||
|---|---|---|---|
| 001 | 345151 | ||
| 005 | 20180320140317.0 | ||
| 008 | 760616s1976 nyua b 001 0 eng | ||
| 020 | _a0060411066 | ||
| 040 |
_aDLC _cDLC _dDLC _dEG-ScBUE _beng |
||
| 082 | 0 | 4 |
_a301.360973 _222 _bBUT |
| 100 | 1 | _aButler, Edgar W. | |
| 245 | 1 | 0 |
_aUrban sociology : _ba systematic approach / _cEdgar W. Butler. |
| 260 |
_aNew York : _bHarper & Row, _cc.1976. |
||
| 300 |
_axviii, 526 p. : _bill. ; _c24 cm. |
||
| 504 | _aIncludes bibliographical references and indexes. | ||
| 650 | 7 |
_aSociology, Urban. _2BUEsh _913207 |
|
| 653 |
_bGGEN _bHHUUPPSS _cMarch2018 |
||
| 906 |
_a7 _bcbc _corignew _d1 _eocip _f19 _gy-gencatlg |
||
| 942 | _2ddc | ||
| 999 |
_c26367 _d26339 |
||